000
00476nam a2200157Ia 4500
008
151213s9999 xx 000 0 und d
100
_a
সুনীল
245
_a
সন্ধার মেঘমালা
_c
সুনীল
250
_a
১ম সং
260
_a
ঢাকা
_b
শ্রীনিকঞ্জ কুমার শাহা
_c
1985
300
_a
8368 p.
650
_a
Bangla
650
_a
উপন্যাস
700
_a
সুনীল
999
_c
4207
_d
4207